Statistics for Fleabag(TV Show) Characters Quiz

Click here to take the quiz!

General Stats

  • This quiz has been taken 82 times
  • The average score is 6 of 9

Answer Stats

Answer% Correct
Fleabag
97%
Claire
86%
The Priest
84%
Dad
81%
Boo
72%
Martin
54%
Harry
46%
Godmother
43%
Bank Manager
12%

Score Distribution

Percentile by Number Answered

Percent of People with Each Score

Your Score History

You have not taken this quiz